000 00581nam a2200193Ia 4500
005 20250326141138.0
008 250326s9999 xx 000 0 und d
020 _a0-273-62206-4
037 _aTextbook
040 _aFMSL
_beng
_cFMSL
041 _aeng
_2eng
084 _aX:81 N6
_qFMSL
100 _aWhite R P, Etc.
_9743819
245 0 _aFuture of leadership: riding the corporate rapids in to the risk century
_cWhite R P, Etc.
260 _aLondon
_bLondon, Pitman Publishing
_c1996
300 _axix,252
942 _cTB
_hX:81 N6
999 _c1288910
_d1288910